| 000 | 01168naa a22003377a 4500 | ||
|---|---|---|---|
| 001 | BR9206055 | ||
| 003 | BR-BrBNA | ||
| 005 | 20240918180754.0 | ||
| 007 | ta | ||
| 008 | 230509b bl.||||| |||| 00| 0 por d | ||
| 040 |
_aBR-BrBNA _bpor _cBiblioteca Nacional de Agricultura |
||
| 041 | _a(Pt) | ||
| 072 |
_aF30 _b3240 _bG514 |
||
| 090 | _aF30 BR9206055 | ||
| 100 | 1 | _aHiga, A.R. | |
| 100 | 1 | _aResende, M.D.V. de | |
| 100 | 1 | _aSouza, S.M. de | |
| 111 | 1 |
_aO Desafio das Florestas Neotropicais _cCuritiba, PR (Brazil) _d7-12 Apr 1991 |
|
| 245 | 1 | _aProgramas de melhoramento genetico de Eucalyptus no Brasil | |
| 246 | 1 | _aTree improvement program of Eucalyptus in Brazil | |
| 246 | 1 | _aThe challenge of neotropical forests | |
| 260 | 3 |
_aCuritiba, PR (Brasil): _c1991. |
|
| 500 | _aO desafio das florestas neotropicais Curitiba, PR (Brasil): 1991. p. 86-100 (BR9206055-AM)F30 | ||
| 650 | _aEUCALIPTO | ||
| 650 | _aSELECAO GENETICA | ||
| 650 | _aGENOTIPO | ||
| 650 | _aHIBRIDACAO | ||
| 773 | 0 |
_tO desafio das florestas neotropicais _wF30 BR9206055 _gCuritiba, PR (Brasil), 1991. p. 86-100 |
|
| 909 |
_a202404 _bLucia _c55 _dLucia Elande |
||
| 942 |
_cAM _2AGRIS |
||
| 999 |
_c321988 _d321988 |
||